La obra crítica de Enrique Díez-Canedo / (Record no. 188152)

MARC details
000 -LEADER
campo de control de longitud fija 00900nam a2200265 i 4500
001 - NÚMERO DE CONTROL
campo de control 188152
003 - IDENTIFICADOR DE NÚMERO DE CONTROL
campo de control SpMaBN
005 - FECHA Y HORA DE LA ÚLTIMA TRANSACCIÓN
campo de control 20231217124127.0
008 - DATOS DE LONGITUD FIJA--INFORMACIÓN GENERAL
campo de control de longitud fija 180529s2011 sp |||| |dspa d
020 ## - NÚMERO INTERNACIONAL ESTÁNDAR DEL LIBRO
Número Internacional Estándar del Libro 978-84-9852-313-3
080 ## - NÚMERO DE LA CLASIFICACIÓN DECIMAL UNIVERSAL
Número de la Clasificación Decimal Universal 929 Díez-Canedo, Enrique
080 ## - NÚMERO DE LA CLASIFICACIÓN DECIMAL UNIVERSAL
Número de la Clasificación Decimal Universal 82.09"19"
100 1# - ENTRADA PRINCIPAL--NOMBRE DE PERSONA
Nombre de persona Jiménez León, Marcelino.
9 (RLIN) 66548
245 13 - MENCIÓN DEL TÍTULO
Título La obra crítica de Enrique Díez-Canedo /
Mención de responsabilidad, etc. Marcelino Jiménez León.
260 ## - PUBLICACIÓN, DISTRIBUCIÓN, ETC.
Lugar de publicación, distribución, etc. Mérida :
Nombre del editor, distribuidor, etc. Editora Regional de Extremadura,
Fecha de publicación, distribución, etc. 2011.
300 ## - DESCRIPCIÓN FÍSICA
Extensión 619 p. ;
Dimensiones 24 cm.
490 1# - MENCIÓN DE SERIE
Mención de serie Colección estudio ;
Designación de volumen o secuencia 40
504 ## - NOTA DE BIBLIOGRAFÍA, ETC.
Nota de bibliografía, etc. Bibliografía: p. 463-553.
600 14 - PUNTO DE ACCESO ADICIONAL DE MATERIA--NOMBRE DE PERSONA
Nombre de persona Díez-Canedo, Enrique,
Fechas asociadas al nombre 1879-1944
9 (RLIN) 44685
650 #7 - PUNTO DE ACCESO ADICIONAL DE MATERIA--TÉRMINO DE MATERIA
Término de materia o nombre geográfico como elemento de entrada Literatura-
Subdivisión cronológica S.XX-
Subdivisión general Historia y crítica.
9 (RLIN) 139829
830 0# - PUNTO DE ACCESO ADICIONAL DE SERIE-TÍTULO UNIFORME
Título uniforme Colección estudio ;
Designación de volumen o secuencia 40
9 (RLIN) 181942
852 ## - LOCALIZACIÓN
Ubicación ES-MaACL
Número de control de estantería A-14181
itemnumber 195271
Sublocalización o colección R.151455
Ubicación en estantería Depósito 1
Signatura antigua Olim: N-7181
942 ## - ELEMENTOS DE ENTRADA SECUNDARIOS (KOHA)
Fuente del sistema de clasificación o colocación Clasificación decimal universal
Holdings
Estatus retirado Estado de pérdida Fuente del sistema de clasificación o colocación Estado de daño No para préstamo Biblioteca de origen Biblioteca actual Ubicación en estantería Fecha de adquisición Fuente de adquisición Total de préstamos Signatura topográfica completa Código de barras Visto por última vez Precio de reemplazo Tipo de ítem Koha
    Clasificación decimal universal     Biblioteca del Ateneo de Madrid Biblioteca del Ateneo de Madrid Depósito 1 29/05/2018 Donación   A-14181 1198881 23/02/2023 23/02/2023 Libro impreso